Programa Universal de Estudios, Dirección y coordinación : Antonio López (Registro nro. 47491)
[ vista simple ]
| 000 -LÍDER | |
|---|---|
| Campo fijo de descripción fija | 006920000a22001930004500 |
| 001 - NÚMERO DE CONTROL | |
| Campo de control | 244 |
| 003 - IDENTIFICADOR DEL NÚMERO DE CONTROL | |
| Campo de control | CO-MdFUSB |
| 005 - FECHA Y HORA DE LA ULTIMA TRANSACCIÓN | |
| control field | 20180328150414.0 |
| 008 - ELEMENTOS DE LONGITUD FIJA -- INFORMACIÓN GENERAL | |
| Campo fijo de descripción fija -- Información general | 180328b xxu||||| |||| 00| 0 eng d |
| 020 ## - NÚMERO INTERNACIONAL NORMALIZADO PARA LIBROS | |
| Número Internacional Normalizado del libro | 84-8055-314-6 |
| 040 ## - FUENTE DE CATALOGACIÓN | |
| Agencia que realiza la transcripción | CO-MdBIC |
| 082 04 - NÚMERO DE CLASIFICACIÓN DECIMAL DEWEY | |
| Número de clasificación | 036 P94p |
| 100 1# - ASIENTO PRINCIPAL--NOMBRE PERSONAL | |
| Nombre personal | López, Antonio |
| 245 10 - TÍTULO | |
| Título del Material | Programa Universal de Estudios, Dirección y coordinación : Antonio López |
| 260 ## - PUBLICACIÓN, DISTRIBUCIÓN, ETC. (PIE DE IMPRENTA) | |
| Lugar de publicación, distribución, etc. | Madrid : Cultural, S.A. |
| 300 ## - DESCRIPCIÓN FÍSICA | |
| Extensión | 328 P. |
| 505 00 - NOTA DE CONTENIDO | |
| Nota de contenido con formato preestablecido | Tomo 1 : Ciencias Naturales Tomo 2 : Computación y Tecnología Tomo 3 : Física y Química Tomo 4 : Geografía Universal Tomo 5 : Historia del Mundo Tomo 6 : Lengua Y literatura Tomo 7 : Matemáticas y Economía |
| 942 ## - TIPO DE MATERIAL (KOHA) | |
| Tipo de Item KOHA | Z- Libro General BINCO |
| Estado de Material | Estado de Perdido | Forma de Clasificación | Volumen-Parte/Tomo | Estado de Dañado | No para Préstamo | Colección | Tomo | Biblioteca de Origen | Biblioteca Permanente | Fecha de Adquisición | Total de Préstamos | Signatura Topográfica | Código de Barras | Última vez visto | Ejemplar/Existencia | Fecha de Remplazo | Tipo de Material |
|---|---|---|---|---|---|---|---|---|---|---|---|---|---|---|---|---|---|
| Dewey Decimal Classification | Colección de Referencia | 6 | Biblioteca Infantil Comunitaria BINCO | Biblioteca Infantil Comunitaria BINCO | 23/05/2006 | 036 P94p1 | B30089 | 24/11/2016 | 1 | 26/01/2016 | Z- Libros de Referencia BINCO | ||||||
| Dewey Decimal Classification | Colección de Referencia | 1 | Biblioteca Infantil Comunitaria BINCO | Biblioteca Infantil Comunitaria BINCO | 23/05/2006 | 036 P94p7 | B30095 | 24/11/2016 | 1 | 26/01/2016 | Z- Libros de Referencia BINCO | ||||||
| Dewey Decimal Classification | Colección de Referencia | 5 | Biblioteca Infantil Comunitaria BINCO | Biblioteca Infantil Comunitaria BINCO | 23/05/2006 | 036 P94p6 | B30094 | 24/11/2016 | 1 | 26/01/2016 | Z- Libros de Referencia BINCO | ||||||
| Dewey Decimal Classification | Colección de Referencia | 2 | Biblioteca Infantil Comunitaria BINCO | Biblioteca Infantil Comunitaria BINCO | 23/05/2006 | 036 P94p5 | B30093 | 24/11/2016 | 1 | 26/01/2016 | Z- Libros de Referencia BINCO | ||||||
| Dewey Decimal Classification | Colección de Referencia | 7 | Biblioteca Infantil Comunitaria BINCO | Biblioteca Infantil Comunitaria BINCO | 20/02/2006 | 036 P94p4 | B30092 | 26/01/2016 | 1 | 26/01/2016 | Z- Libros de Referencia BINCO | ||||||
| Dewey Decimal Classification | Colección de Referencia | 4 | Biblioteca Infantil Comunitaria BINCO | Biblioteca Infantil Comunitaria BINCO | 23/05/2006 | 036 P94p3 | B30091 | 24/11/2016 | 1 | 26/01/2016 | Z- Libros de Referencia BINCO | ||||||
| Dewey Decimal Classification | Colección de Referencia | 3 | Biblioteca Infantil Comunitaria BINCO | Biblioteca Infantil Comunitaria BINCO | 23/05/2006 | 036 P94p2 | B30090 | 24/11/2016 | 1 | 26/01/2016 | Z- Libros de Referencia BINCO |
